| 000 | 00408pab a2200169 454500 | ||
|---|---|---|---|
| 008 | 180718b2007 xxu||||| |||| 00| 0 eng d | ||
| 100 | _aSoo, Kwok Tong | ||
| 245 | _aZipf's law and urban growth in Malaysia | ||
| 260 | _c2007 | ||
| 300 | _ap.1-14. | ||
| 362 | _aJan | ||
| 650 | _aUrban development - Malaysia | ||
| 650 | _aUrban development | ||
| 773 | _aUrban Studies | ||
| 908 | _aN | ||
| 909 | _a75003 | ||
| 999 |
_c75003 _d75003 |
||